Chansons les plus streamées : France Gall - Statistiques

Statistiques générales
  • Ce quiz a été pris 143 fois
  • Le résultat moyen est 6 sur 10
Statistiques - réponses
Nb de streams Chanson % Correct
72 000 000 Il jouait du piano debout
93%
130 500 000 Ella, elle l'a
89%
57 500 000 Résiste
77%
47 500 000 Poupée de cire, poupée de son
65%
8 500 000 Babacar
59%
18 500 000 Si maman si
47%
21 500 000 Evidemment
46%
9 000 000 Musique
42%
16 000 000 La déclaration d'amour
36%
8 500 000 Viens je t'emmène
21%
Aucun quiz correspondant
Distribution des résultats
% des personnes avec chaque résultat
Percentile par nombre de réponses
Votre historique - résultats
Vous n’avez pas pris ce quiz